| 000 | 01873nam0a2200361 4500 | ||
|---|---|---|---|
| 001 | RU\NLR\bibl\86079 | ||
| 005 | 20260407055001.0 | ||
| 010 |
_a5-89411-027-7 _9150 |
||
| 021 |
_aRU _b2000-1472 _977 |
||
| 035 | _a(NLR Aleph) 000084079 | ||
| 090 |
_a469297 _c469297 |
||
| 100 | _a20000515d2000 |||y0rusy50 ca | ||
| 101 | 0 | _arus | |
| 102 | _aRU | ||
| 105 | _ay ||||||||| | ||
| 200 | 1 |
_aРейтинговая система оценки в педколледже по специальности "Музыкальное образование" _eУчеб. пособие _f[Г.Ю. Капустина, к.п.н., Г.И. Шевель, О.О. Лебедева и др.] _gПод ред. проф. Симонова В.П. _gМеждунар. пед. акад., Пед. колледж N7 "Маросейка" г. Москва |
|
| 210 |
_aМ. _cМеждунар. нар. акад. _d2000 |
||
| 215 |
_a42, [1] c. _d21 |
||
| 606 | 0 |
_aУчителя музыки _jМетодические пособия _xПодготовка _92094780 _3RU\NLR\auth\661267547 |
|
| 606 | 0 |
_aМузыка _jМетодические пособия _xЗнания _xОценка _92164163 _3RU\NLR\auth\661302254 |
|
| 686 | _aЧ489.518.26муз. | ||
| 686 | _aЧ476.67 | ||
| 701 | 1 |
_aКапустина _bГ. Ю. _4070 |
|
| 701 | 1 |
_aШевель _bГ. И. _4070 |
|
| 701 | 1 |
_4070 _7ca _8rus _aЛебедева _bО. О. _cпедагог, пение _gОльга Олеговна _9102448 _3RU\NLR\auth\77119523 |
|
| 702 | 1 |
_4340 _7ca _8rus _aСимонов _bВ. П. _gВалентин Петрович _91090 _3RU\NLR\auth\7718007 |
|
| 711 | 0 | 2 |
_a"Маросейка", педагогический колледж _c7; Москва _9549115 _3RU\NLR\AUTH\8810025437 |
| 801 | 0 |
_aRU _bNLR _c20000515 _gPSBO |
|
| 801 | 1 |
_aRU _bNLR _c20000515 |
|
| 852 |
_aNLR _j2000-4/1322 |
||
| 942 | _cBOOK | ||
| 980 | _aNB | ||